The AMA guide to the globe : Managing the international marketing research process
Uloženo v:
| Hlavní autor: | |
|---|---|
| Médium: | Kniha |
| Jazyk: | Undetermined |
| Vydáno: |
Mqsson, OH.
Thomson Higher EducationThomson
2006
|
| Témata: | |
| Tagy: |
Přidat tag
Žádné tagy, Buďte první, kdo otaguje tento záznam!
|
| Thư viện lưu trữ: | Trung tâm Học liệu Trường Đại học Cần Thơ |
|---|
| LEADER | 00623nam a2200217Ia 4500 | ||
|---|---|---|---|
| 001 | CTU_127981 | ||
| 008 | 210402s9999 xx 000 0 und d | ||
| 020 | |c 971000 | ||
| 082 | |a 658.83 | ||
| 082 | |b E24 | ||
| 100 | |a Edmunds, Holly B. | ||
| 245 | 4 | |a The AMA guide to the globe : | |
| 245 | 0 | |b Managing the international marketing research process | |
| 245 | 0 | |c Holly B. Edmunds | |
| 260 | |a Mqsson, OH. | ||
| 260 | |b Thomson Higher EducationThomson | ||
| 260 | |c 2006 | ||
| 650 | |a Makerting research,Ressearch | ||
| 650 | |x Management | ||
| 904 | |i Minh | ||
| 980 | |a Trung tâm Học liệu Trường Đại học Cần Thơ | ||